| 000 | 00561cam a2200217 a 4500 | ||
|---|---|---|---|
| 001 | 2334474 | ||
| 005 | 20180115074712.0 | ||
| 008 | 830406t19831982nyua b 001 0 eng | ||
| 010 | _a 82070851 | ||
| 020 | _a0465009069 | ||
| 040 |
_aDLC _cDLC _dDLC |
||
| 041 | _aeng | ||
| 080 | _a616.0472 | ||
| 082 | 0 | 0 |
_a616.0472 MEL _219 |
| 100 | 1 | _a4 | |
| 101 | _aSHM | ||
| 245 | 1 | 4 |
_aThe challenge of pain / _cRonald Melzack and Patrick D. Wall. |
| 504 | _aBibliography: p. [411]-434. | ||
| 906 |
_a7 _bcbc _corignew _d2 _eopcn _f19 _gy-gencatlg |
||
| 942 |
_2ddc _cBK |
||
| 999 |
_c40286 _d40286 |
||